000 00669cam a2200217 a 4500
001 000019400
005 20200929170015.0
008 840817s1939 ag 001 0 spa d
040 _aDO-SdBNP
_bspa
_dBNPHU
082 _a895.613
_bF961t
100 1 _aWakatsuki, Fukuyiro,
_941654
245 1 0 _aTradiciones japonesas.
260 _aBuenos Aires ;
_aMéxico :
_bEspasa-Calpe,
_c1939.
300 _a154, [156-159] p. ;
_c18 cm.
490 1 _aAustral
_v103
500 _aIncluye notas al pie de las páginas
500 _aIncluye índice de la colección
650 4 _aCuentos japoneses
_941655
650 4 _aLiteratura japonesa
_94301
830 0 _aAustral ,
_v103
_93065
999 _c18916
_d18916